00856nam a22002417a 450000500170000001000130001702000230003003500130005303700160006604000120008208200160009410000320011024500670014226000480020927000590025730000320031650000200034865000310036865000290039994200250042899900190045395201420047220170124110100.0 aA-733036 c300.00a8121700329 aA-733036 bCen Lib/Ret aDPLbEN a954.01bPAN aPandey, Indu Prabha 927063 aDress and ornaments in ancient India /cby Indu Prabha pandey  bBhartiya Vidya Prakashan aNew Delhi c1988 bNew Delhi a1 U.B. Jawahar Nagar, Bunglow Roade110007 axi, 232p. ;c21cm(Hb)bill. aIncludes index  aManners and customs986461 aDress accessories927065 2ddccENh954.01mPAN c129664d129664 00104070aLbLd2015-07-07eCen Lib/Retg300.00l2m1o954.01 PANpA-733036r2017-05-19 00:00:00s2017-04-22t1v300.00w2015-07-07yEN